| 000 | 00458nam a2200145Ia 4500 | ||
|---|---|---|---|
| 008 | 191129s9999 xx 000 0 und d | ||
| 020 | _a9789719654995 | ||
| 100 | _aBanaag, Francis B. | ||
| 245 |
_cFrancis B. Banaag _aStrategic marketing management/ |
||
| 260 |
_aManila: _bUnlimited Books Library Services _c2018 |
||
| 300 |
_aviii, 164 p. ; _bill. : _c21 cm. |
||
| 500 | _aIncludes bibliographical references | ||
| 650 | _aManagement | ||
| 650 | _amarketing | ||
| 999 |
_c362822 _d362822 |
||